[Event "FRA-ch U14 Girls"]
[Site "Saint Paul Trois Chateaux"]
[Date "2013.05.01"]
[Round "4"]
[White "Hug, Roxana"]
[Black "Adam, Flavia"]
[Result "1-0"]
[WhiteElo "1583"]
[BlackElo "1413"]
[PlyCount "95"]
[EventDate "2013.04.28"]
[EventType "swiss"]
[EventRounds "9"]
[EventCountry "FRA"]
[SourceTitle "CBM 154 Extra"]
[Source "ChessBase"]
[SourceDate "2013.06.25"]
[SourceVersion "2"]
[SourceVersionDate "2013.06.25"]
[SourceQuality "1"]

1. e4 e5 2. Nf3 Nc6 3. Bb5 d6 4. c3 Nf6 5. 0-0 Be7 6. Re1 0-0 7. d4 a6 8. Ba4 b5 9. Bb3 Na5 10. dxe5 dxe5 11. Nxe5 Nxb3 12. Qxb3 Be6 13. Qc2 Bd6 14. Nf3 Be7 15. Nbd2 Qb8 16. Nf1 Qb7 17. Ng3 g6 18. Bg5 Rfe8 19. Qc1 Nd7 20. Bxe7 Rxe7 21. Nd4 Bc4 22. Qh6 Re5 23. b3 Be6 24. Nxe6 Rxe6 25. Rad1 Nf6 26. f3 Qc6 27. Qd2 Rd6 28. Qe3 Re6 29. Rd3 Rae8 30. Red1 Kg7 31. Rd8 R8e7 32. R8d3 Qb7 33. Ne2 c6 34. Qd2 Qb6+ 35. Kh1 Nd5 36. Nd4 Re5 37. exd5 c5 38. Nc6 Re2 39. Qf4 Rd7 40. Re3 Rxe3 41. Qxe3 Qc7 42. Qxc5 Qg3 43. d6 Kg8 44. Qe5 Qxe5 45. Nxe5 Rd8 46. d7 f6 47. Nc6 Ra8 48. d8Q+ 1-0